| 000 | 00916nam a22003017a 4500 | ||
|---|---|---|---|
| 003 | CHAP | ||
| 005 | 20220329135437.0 | ||
| 008 | 971013c19621957 r 00010 d | ||
| 010 | _a36578 | ||
| 011 | _a37550 | ||
| 035 | _a41670 | ||
| 040 | _cCHAP | ||
| 082 |
_a574.192 _bC68 |
||
| 100 | 0 | 0 |
_aCowgill, Robert W. _928725 |
| 245 | _aExperiments in biochemical research techniques | ||
| 260 | _c1962 ( c. 1957 ) | ||
| 300 | _a189 p. | ||
| 590 |
_aBATCH-UPD _b10 _c20130110 _lUCH01 _h0012 |
||
| 590 |
_aBATCH-UPD _b10 _c20130110 _lUCH01 _h2147 |
||
| 590 |
_aBATCH-UPD _b10 _c20130410 _lUCH01 _h1455 |
||
| 590 |
_aBATCH-UPD _b10 _c20130914 _lUCH01 _h0644 |
||
| 590 |
_aCONVERSION _b10 _c20130109 _lUCH01 _h1320 |
||
| 650 | 1 | 4 |
_aBioquímica _xInvestigación. _912858 |
| 700 | 0 |
_aPardee, Arthur B. _985488 |
|
| 901 | _aBK | ||
| 942 | _cLIBRO | ||
| 949 |
_a574.192 C68 _bBC _cLIBRO _d33724000471249 _eLIBRO _h8124 _i41670 _si _t60.00 |
||
| 999 |
_c36578 _d36578 |
||